| 000 | 01619nam0a22003611 4500 | ||
|---|---|---|---|
| 001 | rc\4693761 | ||
| 005 | 20130416210707.2 | ||
| 021 |
_aRU _b[66-56243] |
||
| 035 | _a(NLR Aleph) 008715137 | ||
| 090 |
_a9382925 _c9382925 |
||
| 100 | _a20130416d1966 |||y0rusy50 ca | ||
| 101 | 1 |
_arus _ceng |
|
| 102 | _aRU | ||
| 105 | _aa z ||||| | ||
| 200 | 1 |
_aПроектирование схем комплексного использования водных ресурсов _eПер. с англ. _fПод ред. Т.Л. Золотарева и В.И. Обрезкова |
|
| 210 |
_aМосква _aЛенинград _cЭнергия _d1966 |
||
| 215 |
_a334 с. _cчерт. _d27 |
||
| 300 | _aДоп. тит. л.: Design of water-resource systems | ||
| 300 | _aАвт. глав: А. Маас, С.А. Марглин, Р. Дорфман и др. | ||
| 300 | _aНа корешке загл.: Комплексное использование водных ресурсов | ||
| 513 | 0 | _aDesign of water-resource systems | |
| 516 | 0 | _aКомплексное использование водных ресурсов | |
| 606 |
_aВодные ресурсы _xИспользование комплексное _xТехнико-экономический анализ _2psbo |
||
| 701 | 1 |
_aМаас _bА. |
|
| 701 | 1 |
_aМарглин _bС. А. |
|
| 701 | 1 |
_aДорфман _bР. |
|
| 702 | 1 |
_aЗолотарев _bТ. Л. _gТеодор Лазаревич _4340 |
|
| 702 | 1 |
_aОбрезков _bВ. И. _4340 |
|
| 801 | 0 |
_aRU _bNLR _gpsbo |
|
| 801 | 1 |
_aRU _bELAR _2rusmarc |
|
| 852 |
_aNLR _j66-7/1498 |
||
| 942 | _cBOOK | ||
| 980 | _aNB | ||